| 000 | 00500nam a22001697a 4500 | ||
|---|---|---|---|
| 005 | 20260224124822.0 | ||
| 008 | 260224b |||||||| |||| 00| 0 eng d | ||
| 020 | _a978-0-2620-1735-0 | ||
| 050 | _aT 385 .G67 2012 | ||
| 100 | _aGORTLER,STEVEN J. | ||
| 245 | _aFOUNDATIONS OF 3D COMPUTER GRAPHICS | ||
| 260 |
_aCAMBRIDGE,MASSACHUSETTS _bTHE MIT PRESS _c2012 |
||
| 300 | _aXVI,273P. | ||
| 500 | _aINCLUDES BIBLIOGRAPHICAL REFERENCES AND INDEXES | ||
| 650 | _aCOMPUTER GRAPHICS | ||
| 942 |
_2lcc _cBK |
||
| 999 |
_c216611 _d216611 |
||